Statistics for Countries Bordering Iran by Border Length

Click here to take the quiz!

General Stats

  • This quiz has been taken 156 times
  • The average score is 5 of 7

Answer Stats

LengthCountry% Correct
1,458 kmIraq
100%
936 kmAfghanistan
80%
992 kmTurkmenistan
80%
909 kmPakistan
78%
499 kmTurkey
71%
35 kmArmenia
69%
610 kmAzerbaijan
68%

Score Distribution

Percentile by Number Answered

Percent of People with Each Score

Your Score History

You have not taken this quiz